000 00825nam a2200193 a 4500
005 20140412111335.0
008 031017s19uu xx 00 eng d
020 _a0-02-661082-5
050 _aTR(GS 372.4
_bESL47 2000
245 _aESL Supplement (green) :
_blevel 2.
260 _aColumbus, Ohio :
_bSRA/McGraw-Hill,
_c2000.
300 _axxii p. ; 152 p.
440 _aSRA: Open Court Reading
520 _aStudents who are learning to speak English as a Second Language (ESL) may need extra help with the Open Court Reading lessons. The ESL Supplement is a resource the teachers can use in providing extra help with English vocabulary and sentence structure.
650 _aReading--Study and Teaching
650 _aWriting--Study and Teaching
650 _aEnglish language--Study and Teaching
999 _c105015
_d105015